| 000 | 00864nam a2200265Ia 4500 | ||
|---|---|---|---|
| 003 | OSt | ||
| 005 | 20220916110913.0 | ||
| 006 | a|||||r|||| 00| 0 | ||
| 007 | ta | ||
| 008 | 220915b |||||||| |||| 00| 0 hin d | ||
| 020 | _a9788170287278 (hbk) | ||
| 024 | _a524 | ||
| 037 | _b448, 19/03/2008, Swaraj Prakashan | ||
| 037 | _cTextbook | ||
| 040 |
_bhin _aARTS _cARTS |
||
| 041 | _ahin | ||
| 082 | _aO111,3N06x, 152P8 | ||
| 100 | _aनारायण, आर. के. | ||
| 245 | 0 | _aमालगुएी की कहानियॉं | |
| 246 | _aMālagueī kī kahāniyaॉan | ||
| 260 |
_aदिल्ली _bराजपाल भारत _c2008 |
||
| 300 |
_a247पृ0 _ccm. |
||
| 942 |
_hO111,3N06x, 152P8 _cTB _2CC |
||
| 999 |
_c100909 _d100909 |
||